000 00383nam a2200133Ia 4500
008 151015s9999 xx 000 0 und d
020 _a9.7804515273e+012
050 _aPR 2763 .W7 1998
245 _aBarnet,Sylvan
250 _a_William Shakespeare four great trategies sylvan Barnet
300 _aNew York Penguin 1998
650 _a_Novel
700 _a^d20130508 12:35:01^oanne
999 _c4166
_d4166